Catálogo
 En Linea

Catálogo colectivo de publicaciones períodicas en biomedicina / (Registro nro. 42970)

Detalles MARC
000 -CABECERA
campo de control de longitud fija 00588nam a2200145 a 4500
001 - NÚMERO DE CONTROL
campo de control 000043481
005 - FECHA Y HORA DE LA ÚLTIMA TRANSACCIÓN
campo de control 20201002044816.0
008 - DATOS DE LONGITUD FIJA--INFORMACIÓN GENERAL
campo de control de longitud fija 140319s1983 dr r 000 0 spa d
040 ## - FUENTE DE LA CATALOGACIÓN
Centro catalogador/agencia de origen DO-SdBNP
Lengua de catalogación spa
Centro/agencia transcriptor BNPHU
082 ## - NÚMERO DE LA CLASIFICACIÓN DECIMAL DEWEY
Número de clasificación xxxx
Número de documento/Ítem xxxx
245 02 - MENCIÓN DE TÍTULO
Título Catálogo colectivo de publicaciones períodicas en biomedicina /
Mención de responsabilidad, etc. presentación ; María Isabel Rodríguez.
260 ## - PUBLICACIÓN, DISTRIBUCIÓN, ETC.
Lugar de publicación, distribución, etc. Santo Domingo :
Nombre del editor, distribuidor, etc. Asociación de Bibliotecas Universitarias Dominicanas (ABUD),
Fecha de publicación, distribución, etc. 1983.
300 ## - DESCRIPCIÓN FÍSICA
Extensión 104 p. ; :
Otras características físicas 16 cm.
500 ## - NOTA GENERAL
Nota general A la cabeza del título: Asociación Dominicanas de Rectores de Universidades (ADRU) ;
Existencias
Estado de retiro Estado de pérdida No para préstamo Código de colección Localización permanente Ubicación/localización actual Ubicación en estantería Fecha de adquisición Número de inventario Total de préstamos Signatura topográfica completa Código de barras Fecha visto por última vez Precio válido a partir de Tipo de ítem Koha Número de copia
    Excluido de préstamo Patrimonio Dominicano Patrimonio Dominicano Patrimonio Dominicano Depósito 19.03.2014 LF1   xxxx xxxx 43481-10 25.06.2020 25.06.2020 Libro y Folleto Colección Patrimonio Dominicano  
    Excluido de préstamo Patrimonio Dominicano Patrimonio Dominicano Patrimonio Dominicano Depósito 05.07.2019 LF1   xxxx xxxx 43481-20 25.06.2020 25.06.2020 Libro y Folleto Colección Patrimonio Dominicano e.2

Con tecnología Koha